000 01086nam a2200241 a 4500
001 52813
003 BD-RjUL
005 20211209075850.0
008 160927s1964 ii a|||| b||| 00| 0 ben d
020 _c: Tk. 5.00
035 _a(BD-RjUL)52933
040 _aBD-RjUL
_bben
_cBD-RjUL
041 _aben
082 _223
_a398.209
_bBAB 1964
100 _aবন্দ্যোপাধ্যায়, সোমেন্দ্রনাথ
_9127267
245 1 0 _aবাঙলার বাউল :
_bকাব্য ও দর্শন /
_cসোমেন্দ্রনাথ বন্দ্যোপাধ্যায়
260 _aকলিকাতা :
_bবুকল্যাণ্ড প্রাইভেট লি:,
_c১৯৬৪
300 _a[১৮], ১৯৯ পৃ. :
_bচিত্র ;
_c২৩ সেমি.
504 _aগ্রন্থপঞ্জি সংযুক্ত
650 _aলোকসাহিত্য
_xইতিহাস ও সমালোচনা
_9157932
650 _aFolk Literature
_xHistory and Criticism
_9157933
942 _2ddc
_cBK
_01
999 _c52813
_d52813